| 000 | 00923nam a2200325 a 4500 | ||
|---|---|---|---|
| 003 | AR-BaBNM | ||
| 005 | 20251128210402.0 | ||
| 008 | 082120s2002 ||||||||||||||000 | spa|| | ||
| 020 | _a968-16-0299-4 | ||
| 040 | _cAR-BaBNM | ||
| 100 | 1 | _aBruun, Geoffrey | |
| 245 | 0 | 0 |
_aLa Europa del siglo XIX _b1815-1914 |
| 260 |
_aMéxico, D.F. _bFondo de Cultura Económica _c1993 |
||
| 300 |
_a250 p. _bmapas |
||
| 490 | 0 |
_aBreviarios _vv. 172 |
|
| 500 | _aIndíce de nombres p. 241-250 | ||
| 504 | _aContiene bibliografía p. 239-240 | ||
| 650 | 4 | _aHISTORIA EUROPEA | |
| 650 | 4 | _aSIGLO DIECINUEVE | |
| 650 | 4 | _aSIGLO VEINTE | |
| 650 | 4 | _aHISTORIA POLITICA | |
| 650 | 4 | _aHISTORIA SOCIAL | |
| 650 | 4 | _aIMPERIALISMO | |
| 650 | 4 | _aHISTORIA DE LAS IDEAS | |
| 653 | _aEDAD CONTEMPORANEA | ||
| 653 | _aREVOLUCION INDUSTRIAL | ||
| 700 | 1 |
_aGonzález Aramburu, Francisco _etraductor |
|
| 942 | _cBK | ||
| 998 | _cMariana | ||
| 999 |
_c15253 _d15253 |
||